| 000 | 01036nac a22003137a 4500 | ||
|---|---|---|---|
| 001 | BR0103201 | ||
| 003 | BR-BrBNA | ||
| 005 | 20240105122549.0 | ||
| 008 | 230509b bl.|||m| |||| 00| 0 por d | ||
| 040 |
_aBR-BrBNA _bpor _cBiblioteca Nacional de Agricultura |
||
| 072 | _aF01; Q80; J11 | ||
| 090 | _a1850 BR0103201 | ||
| 100 | 1 | _aMorimoto, F. | |
| 100 | 1 | _aCastoldi, I. | |
| 110 | 1 | _aEmpresa Paranaense de Assistencia Tecnica e Extensao Rural, Curitiba, PR (Brasil) | |
| 245 | 1 | _aColheita, classificacao, embalagem, acondicionamento e armazenamento do tomate | |
| 260 | 3 |
_aCuritiba, PR (Brasil): _c2001. |
|
| 300 | _a24 p. | ||
| 490 |
_aImformacao Tecnica - Empresa Paranaense de Assistencia Tecnica e Extensao Rural (Brazil) _vno. 67 _x |
||
| 500 | _a5 tables; 10 ref. | ||
| 650 | _aTomate | ||
| 650 | _aColheita | ||
| 650 | _aArmazenamento | ||
| 650 | _aClassificacao de Produto | ||
| 650 | _aEmbalagem | ||
| 650 | _aAcondicionamento | ||
| 909 |
_a202312 _bLúcia Elande _c55 _dLúcia Elande |
||
| 942 |
_2AGRIS _n0 _cMS |
||
| 999 |
_c291679 _d291679 |
||